000 00646nam a2200229Ia 4500
005 20260320201851.0
008 008 262003s9999 xx 000 0 eng d
037 _aEBOOK
040 _aCRL
040 _beng
040 _cCRL
041 _2eng
041 _aeng
084 _qCRL
100 _aBonocore
_91136161
245 0 _aHands-On Software Architecture with Java: Learn key architectural techniques and strategies to design efficient and elegant Java applications
260 _bIEEE
856 _uhttps://ieeexplore.ieee.org/servlet/opac?bknumber=10162258
942 _cEBOOK
999 _c1723987
_d1723987